Applied Human Resource Management (Record no. 351363)

000 -LEADER
fixed length control field 00527nam a22001817a 4500
003 - CONTROL NUMBER IDENTIFIER
control field OSt
005 - DATE AND TIME OF LATEST TRANSACTION
control field 20180116183044.0
008 - FIXED-LENGTH DATA ELEMENTS--GENERAL INFORMATION
fixed length control field 160325b xxu||||| |||| 00| 0 eng d
020 ## - INTERNATIONAL STANDARD BOOK NUMBER
International Standard Book Number 0
040 ## - CATALOGING SOURCE
Transcribing agency 0
082 ## - DEWEY DECIMAL CLASSIFICATION NUMBER
Classification number 658.3 DIL 2015
100 ## - MAIN ENTRY--PERSONAL NAME
Personal name Dilawar Khan
245 ## - TITLE STATEMENT
Title Applied Human Resource Management
Remainder of title With Emphasis on Wage/Salary/IR and Labour Lawas
Statement of responsibility, etc. Dilawar Khan
260 ## - PUBLICATION, DISTRIBUTION, ETC.
Place of publication, distribution, etc. Pakistan
Name of publisher, distributor, etc. Pakistan Tobacco Company Ltd.
Date of publication, distribution, etc. 2015
300 ## - PHYSICAL DESCRIPTION
Extent 150 p.
Other physical details PB
440 ## - SERIES STATEMENT/ADDED ENTRY--TITLE
Title Applied Human Resource Managemen
942 ## - ADDED ENTRY ELEMENTS (KOHA)
Source of classification or shelving scheme
Koha item type Book
Holdings
Withdrawn status Lost status Source of classification or shelving scheme Damaged status Not for loan Collection code Permanent Location Current Location Shelving location Date acquired Total Checkouts Full call number Barcode Date last seen Price effective from Koha item type Date last checked out Source of acquisition
            Central Library (CL) Central Library (CL) General Stacks 03/25/2016   658.3 DIL 2015 NBS10181 04/05/2016 03/25/2016 Book    
            Central Library (CL) Central Library (CL) General Stacks 03/25/2016 1 658.3 DIL 2015 NBS10182 03/27/2023 03/25/2016 Book 02/23/2021  
            Central Library (CL) Central Library (CL) General Stacks 03/25/2016 2 658.3 DIL 2015 NBS10183 06/25/2024 03/25/2016 Book 10/04/2018  
            Central Library (CL) Central Library (CL) General Stacks 04/01/2016   658.3 DIL 2015 NBS10184 09/01/2022 04/01/2016 Book    
            Central Library (CL) Central Library (CL) Management Sciences 04/11/2022   658.3 DIL 2015 CL-D-1599 04/11/2022 04/11/2022 Book   Donation
© 2023 Central Library, National University of Sciences and Technology. All Rights Reserved.